00423nam a2200133Ia 4500008004100000020001400041040004400055100002400099245006000123260003300183300001600216600004200232999001500274180412s9999||||xx |||||||||||||| ||und|| a721656315 aAhmadu Bello University Library - Zaria aLARSEN, Hans-Walter 4aThe ocular fundus: a colour atlas.cHans-Walter Larsen. aCopenhagenbMunksgaardc1976 a195p.: ill. aOphthalmology;The eyeball as a whole. c1678d1678